000
00373nam a2200133Ia 4500
008
100328s9999 xx 000 0 und d
082
_b
65531
100
_a
भावे राम.
245
_a
बंा रेशमाचे.
260
_b
शिवमे.
630
_a
बंा रेशमाचे.
730
_a
बंा रेशमाचे.
942
_c
BOOK
999
_c
551276
_d
551273